Trials and tribulations of the management of change control on major projects (Record no. 74190)

MARC details
000 -LEADER
fixed length control field 00730cab a2200181 4500
001 - CONTROL NUMBER
control field ABS67549
008 - FIXED-LENGTH DATA ELEMENTS--GENERAL INFORMATION
fixed length control field 040301n2004 000 0 eng u
035 ## - SYSTEM CONTROL NUMBER
System control number (Sirsi) u125265
041 ## - LANGUAGE CODE
Language code of text/sound track or separate title eng
100 ## - MAIN ENTRY--PERSONAL NAME
Personal name Jones, A.
245 ## - TITLE STATEMENT
Title Trials and tribulations of the management of change control on major projects
260 ## - PUBLICATION, DISTRIBUTION, ETC.
Date of publication, distribution, etc. 2004
490 ## - SERIES STATEMENT
Series statement Civil Engineering Surveyor
Volume/sequential designation February 2004, 18-21(4)
520 ## - SUMMARY, ETC.
Summary, etc. Highlights guidelines on managing changes on major projects. Suggests contract changes are similar on large or small projects, but large projects involve considerable amounts of money. Diagram outlines an example of the change control process.
590 ## - LOCAL NOTE (RLIN)
Local note ABS
690 ## - LOCAL SUBJECT ADDED ENTRY--TOPICAL TERM (OCLC, RLIN)
Topical term or geographic name as entry element Project management
9 (RLIN) 6261
942 ## - ADDED ENTRY ELEMENTS (KOHA)
Suppress in OPAC 0
Holdings
Withdrawn status Lost status Source of classification or shelving scheme Damaged status Not for loan Home library Current library Shelving location Date acquired Total Checkouts Full call number Barcode Date last seen Copy number Price effective from Koha item type
    Dewey Decimal Classification     London London Journal article 01/03/2004   ABS67549 125265-1001 06/08/2019 1 06/08/2019 Journal article